Music Quiz

Random Music or Kpop Quiz

Who Is Missing? Quiz Stats

 Plays Quiz not verified by Sporcle

Challenge
Share
Tweet
Embed
Score 0/20 Timer 10:00
0 Plays Today
Members Missing member % Correct
Key, Taemin, Minho, JonghyunOnew
96%
Rap Monster, Jungkook, V, Jimin, Jin, JhopeSuga
93.9%
D.O., Kai, Baekhyun, Suho, SehunChanYeol
92.4%
Kris, Luhan, Tao, Chen, LayXiumin
91.7%
Gdragon, Taeyang, Top, DaesungSeungRi
91%
CL, Bom, DaraMinzy
88.5%
Jb, Jackson, Bambam, Jr, YoungJae, MarkYugyeom
86.6%
Yeri, Joy, Irene, SeulgiWendy
83.4%
N, Ken, Leo, Hongbin, RaviHyuk
81.3%
Jia, Fei, MinSuzy
80.3%
Members Missing member % Correct
Woohyun, SungJong, Dongwoo, Hoya, SungKyu, LSungYeol
70.8%
Jongup, Daehyun, Zelo, Himchan, YonggukYoungjae
67.5%
Hyuna, Jiyoon, SoHyun, GayoonJihyun
63.5%
Hyeri, Minah, SoJinYura
59.9%
SungJae, Ilhoon, Eunkwang, Minhyuk, Changsub, PenielHyunsik
53.7%
Dujun, Yoseob, Gikwang, JunHyungDongwoon
52.1%
Minhyuk, Yonghwa, JonghyunJungshin
50.9%
Jihyo, Sana, Tzuyu, Momo, NaYeon, Chaeyoung, DaHyun, MinaJeongYeon
42%
Hara, Gyuri, YoungJiSeungYeon
34.2%
Jihun, Inseong, SeungJun,YoujinHeejun
24.3%

You're not logged in!

Compare scores with friends on all Sporcle quizzes.
Join for Free
OR
Log In

You Might Also Like...

Show Comments

Extras

Created Jun 20, 2016ReportNominate
Tags:Kpop Quiz, Kpop Quiz

Top Quizzes Today


Score Distribution

Your Account Isn't Verified!

In order to create a playlist on Sporcle, you need to verify the email address you used during registration. Go to your Sporcle Settings to finish the process.

Report this User

Report this user for behavior that violates our Community Guidelines.

Details: